| 000 | 00490nam a2200181Ia 4500 | ||
|---|---|---|---|
| 008 | 230714s9999 xx 000 0 und d | ||
| 020 | _a9790000000000 | ||
| 041 | _aeng | ||
| 082 |
_a510.620 _bDAS |
||
| 100 | _aDass H.K. | ||
| 245 | _aHigher Engineering Mathematics | ||
| 250 | _aRevised 3rd ed. | ||
| 260 |
_c2014 _bS. Chand |
||
| 300 | _a1714 | ||
| 365 |
_cRs. _b950.00 |
||
| 700 |
_aDass H.K. & Verma R. _9198158 |
||
| 906 |
_dO:0478404-Dec-2015B:SE/SI/252513-Oct-2015 _cALLIED _b836 |
||
| 999 |
_c216313 _d216313 |
||